000 00512nam a2200181Ia 4500
003 OSt
005 20260318114009.0
008 210210b1993 xxu||||| |||| 00| 0 eng d
040 _cAL
041 _ahin
082 _a864/28
100 _aDvivedi (Hazri Prasad)
_9201857
_dद्विवेदी (हाज़री प्रसाद)
245 _aSur sahitya:
_bसुर साहित्या
260 _aIndore
_b-
_c1993
690 _aHindi Criticism
_9201861
906 _a023565
942 _2ddc
_cBK
999 _c77858
_d77858